Ethnographic empire : imperial culture and colonial state formation in Malaya and the Philippines, 1880-1940 /
محفوظ في:
| المؤلف الرئيسي: | |
|---|---|
| التنسيق: | أطروحة كتاب |
| اللغة: | English |
| منشور في: |
2005.
|
| الموضوعات: | |
| الوسوم: |
إضافة وسم
لا توجد وسوم, كن أول من يضع وسما على هذه التسجيلة!
|
| LEADER | 01037cam a2200265 a 4500 | ||
|---|---|---|---|
| 001 | u723979 | ||
| 003 | SIRSI | ||
| 005 | 200607051652 | ||
| 008 | 060705s2005 us v 000 0 eng m | ||
| 040 | |a UMM | ||
| 043 | |a a-my--- |a a-ph--- | ||
| 090 | |a DS595 |b Goh | ||
| 100 | 1 | 0 | |a Goh, Daniel Pei Siong. |
| 245 | 1 | 0 | |a Ethnographic empire : |b imperial culture and colonial state formation in Malaya and the Philippines, 1880-1940 / |c Daniel PS Goh. |
| 260 | |c 2005. | ||
| 300 | |a xi, 568 p. : |b ill. | ||
| 500 | |a Photocopy. Ann Arbor, Mich. : University Microfilms International, 2006. 29 cm. | ||
| 502 | |a Thesis (Ph.D.) -- University of Michigan, 2005. | ||
| 504 | |a Bibliography: p. 537-569. | ||
| 650 | 0 | |a Ethnology |z Malaysia |x History. | |
| 650 | 0 | |a Ethnology |z Philippines |x History. | |
| 651 | 0 | |a Malaya |x Colonization. | |
| 651 | 0 | |a Philippines |x Colonization. | |
| 596 | |a 1 | ||
| 999 | |a DS595 GOH |w LC |c 1 |i A512815733 |d 7/11/2006 |f 7/11/2006 |g 1 |l STACKS |m P01UTAMA |p $150.00 |r Y |s Y |t TESIS |u 7/11/2006 |o .PUBLIC. Disimpan di Dewan Minda, Perpustakaan Utama | ||
